Album Covers by Letter - X - Statistics

General Stats
  • This quiz has been taken 87 times
  • The average score is 4 of 16
Answer Stats
Picture Answer % Correct
x - Ed Sheeran
96%
Xscape - Michael Jackson
58%
X&Y - Coldplay
49%
X - INXS
48%
X - Kylie Minogue
48%
X - Spock's Beard
48%
xx - The xx
34%
XXX - Danny Brown
26%
The X Factor - Iron Maiden
10%
XO - Elliot Smith
10%
X 100pre - Bad Bunny
9%
XIII - Mushroomhead
3%
Xtort - KMFDM
3%
X'ed Out - Tera Melos
1%
XXYYXX - XXYYXX
1%
X: The Godless Void and Other Stories - …And You Will Know Us by the Trail of Dead
0%
No matching quizzes found
Score Distribution
Percent of People with Each Score
Percentile by Number Answered
Your Score History
You have not taken this quiz